Giáo trình giáo dục tích hợp ở bậc mầm non Sách dùng cho hệ cử nhân chuyên ngành Giáo dục Mầm non
Trình bày các kiến thức cơ bản về giáo dục tích hợp và giáo dục tích hợp ở bậc học mầm non. Phương pháp chức các hoạt động tích hợp theo chủ đề cho trẻ ở trường mầm non
Sparad:
| Huvudupphovsman: | |
|---|---|
| Materialtyp: | Bok |
| Språk: | Vietnamese |
| Publicerad: |
H.
Đại học Sư phạm
2012
|
| Upplaga: | In lần thứ 4 |
| Ämnen: | |
| Taggar: |
Lägg till en tagg
Inga taggar, Lägg till första taggen!
|
| Thư viện lưu trữ: | Mạng thư viện Đại học Đà Nẵng |
|---|
| LEADER | 01559aam a22003738a 4500 | ||
|---|---|---|---|
| 001 | 000016533 | ||
| 003 | 12936 | ||
| 005 | 20140814140818.0 | ||
| 008 | 121112s2012 viesd | ||
| 020 | |c 29000đ |d 2000b | ||
| 041 | 0 | |a vie | |
| 082 | 1 | 4 | |2 14 |a 372.218 |b NG-H |
| 100 | 1 | |a Nguyễn Thị Hòa | |
| 245 | 1 | 0 | |a Giáo trình giáo dục tích hợp ở bậc mầm non |b Sách dùng cho hệ cử nhân chuyên ngành Giáo dục Mầm non |c Nguyễn Thị Hòa |
| 250 | |a In lần thứ 4 | ||
| 260 | |a H. |b Đại học Sư phạm |c 2012 | ||
| 300 | |a 157 tr. |b hình vẽ, bảng |c 24 cm. | ||
| 504 | |a Phụ lục: tr. 91-157 | ||
| 520 | |a Trình bày các kiến thức cơ bản về giáo dục tích hợp và giáo dục tích hợp ở bậc học mầm non. Phương pháp chức các hoạt động tích hợp theo chủ đề cho trẻ ở trường mầm non | ||
| 650 | 7 | |2 Bộ TK TVQG |a Phương pháp giảng dạy | |
| 650 | 7 | |2 Bộ TK TVQG |a Giáo dục mẫu giáo | |
| 653 | |a Giáo dục tích hợp | ||
| 653 | |a Giáo trình | ||
| 655 | 7 | |2 Bộ TK TVQG |a Giáo trình | |
| OWN | |a LSP | ||
| AVA | |a UDN50 |b LSP |d 372.218 NG-H |e check_holdings |t Error 5003 Not defined in file expand_doc_bib_avail. |h N |k 1 | ||
| 999 | |a From the UDN01 | ||
| AVA | |a UDN50 |b LSP |d 372.218 NG-H |e available |t Error 5001 Not defined in file expand_doc_bib_avail. |f 20 |g 0 |h N |i 15 |k 1 | ||
| TYP | |a Monograph | ||
| TYP | |a Printed language | ||
| 980 | |a Mạng thư viện Đại học Đà Nẵng | ||